Memoria /
Kaydedildi:
| Yazar: | |
|---|---|
| Diğer Yazarlar: | |
| Materyal Türü: | Metin |
| Konular: | |
| Etiketler: |
Etiketle
Etiket eklenmemiş, İlk siz ekleyin!
|
MARC
| LEADER | 00000 a a2200000 04500 | ||
|---|---|---|---|
| 001 | 28112 | ||
| 003 | |||
| 040 | |a CRAI/IIS |c CRAI/IIS | ||
| 020 | |a 956-7616-08-6 | ||
| 090 | |a 186903 | ||
| 100 | |a Shepard, Bonnie | ||
| 245 | |a Memoria / |c Bonnie Shepard | ||
| 300 | |a 140 p | ||
| 650 | |a SEXUALIDAD | ||
| 650 | |a MUJERES | ||
| 650 | |a REPRODUCCION | ||
| 650 | |a ROL DE LA MUJER | ||
| 700 | |a coord |a Valdez, Teresa |a coord |a Hernández, Isabel |a coord | ||
| 999 | |c 8067 |d 8067 | ||



